Statistiques concernant Drapeaux des pays 243 à 250

Cliquez ici pour prendre le quiz!

Statistiques générales

  • Ce quiz a été pris 39 fois
  • Le résultat moyen est 6 sur 8

Statistiques - réponses

Réponse% Correct
Chypre du Nord
88%
Catalogne
79%
Somaliland
76%
Abkhazie
70%
Transnistrie
70%
Ossétie du Sud
67%
Haut-Karabagh
64%
Kurdistan
61%

Distribution des résultats

Percentile par nombre de réponses

% des personnes avec chaque résultat

Votre développement - résultats

Vous n’avez pas pris ce quiz